[Event "ODJM A 2019"]
[Site "Willingen GER"]
[Date "2019.06.13"]
[Round "7"]
[White "Kotyk, Michael"]
[Black "Hartmann, Jakob"]
[Result "1/2-1/2"]
[Termination "normal"]
[Board "8"]
[WhiteElo "1966"]
[BlackElo "2144"]
[WhiteClock "00:01:15"]
[BlackClock "00:01:05"]
[PlyCount "132"]
[WhiteFideId "16214501"]
[BlackFideId "12918067"]
[EventCountry "GER"]
[EventRounds "9"]
[EventType "swiss"]
[EventDate "2019.06.08"]

1. d4 {[%clk 1:30:57]} 1... d5 {[%clk 1:29:35]} 2. c4 {[%clk 1:31:12]} 2... e6
{[%clk 1:29:06]} 3. cxd5 {[%clk 1:31:11]} 3... exd5 {[%clk 1:29:13]} 4. Nc3 {
[%clk 1:31:32]} 4... c6 {[%clk 1:28:28]} 5. Nf3 {[%clk 1:31:36]} 5... Nf6 {
[%clk 1:25:12]} 6. Bg5 {[%clk 1:30:24]} 6... Be7 {[%clk 1:25:09]} 7. Qc2 {
[%clk 1:30:45]} 7... g6 {[%clk 1:15:13]} 8. e3 {[%clk 1:25:30]} 8... Bf5 {
[%clk 1:14:15]} 9. Bd3 {[%clk 1:26:00]} 9... Bxd3 {[%clk 1:14:06]} 10. Qxd3 {
[%clk 1:26:28]} 10... O-O {[%clk 1:13:27]} 11. O-O {[%clk 1:23:18]} 11... Re8 {
[%clk 1:09:45]} 12. Bxf6 {[%clk 1:22:22]} 12... Bxf6 {[%clk 1:10:07]} 13. b4 {
[%clk 1:22:51]} 13... Nd7 {[%clk 1:01:44]} 14. Rfc1 {[%clk 1:18:02]} 14... Nb6
{[%clk 0:56:24]} 15. b5 {[%clk 1:15:26]} 15... Nc4 {[%clk 0:39:44]} 16. bxc6 {
[%clk 1:15:27]} 16... bxc6 {[%clk 0:40:03]} 17. Na4 {[%clk 1:09:02]} 17... Qa5
{[%clk 0:33:43]} 18. Nc5 {[%clk 1:09:22]} 18... Be7 {[%clk 0:30:32]} 19. Nb3 {
[%clk 1:09:46]} 19... Qa3 {[%clk 0:18:35]} 20. Nfd2 {[%clk 1:03:59]} 20... Nxd2
{[%clk 0:18:19]} 21. Qxd2 {[%clk 1:04:22]} 21... Bb4 {[%clk 0:12:10]} 22. Qe2 {
[%clk 1:01:02]} 22... Re6 {[%clk 0:09:16]} 23. Rc2 {[%clk 1:01:01]} 23... Rb8 {
[%clk 0:08:38]} 24. Rac1 {[%clk 1:00:59]} 24... Rb6 {[%clk 0:08:27]} 25. g3 {
[%clk 0:56:11]} 25... Kg7 {[%clk 0:07:52]} 26. Kg2 {[%clk 0:52:27]} 26... Be7 {
[%clk 0:06:47]} 27. Nc5 {[%clk 0:32:51]} 27... Bxc5 {[%clk 0:07:06]} 28. Rxc5 {
[%clk 0:33:20]} 28... Rb2 {[%clk 0:07:00]} 29. R1c2 {[%clk 0:33:46]} 29... Rb6
{[%clk 0:07:00]} 30. Qd2 {[%clk 0:27:17]} 30... Qa6 {[%clk 0:06:20]} 31. Ra5 {
[%clk 0:21:25]} 31... Qb7 {[%clk 0:06:36]} 32. Qd3 {[%clk 0:21:13]} 32... Qd7 {
[%clk 0:05:44]} 33. h3 {[%clk 0:09:56]} 33... Rb7 {[%clk 0:04:31]} 34. Rac5 {
[%clk 0:08:56]} 34... Rb6 {[%clk 0:03:10]} 35. R2c3 {[%clk 0:08:41]} 35... Rb2
{[%clk 0:02:42]} 36. Rc2 {[%clk 0:07:32]} 36... Rb6 {[%clk 0:03:05]} 37. a4 {
[%clk 0:06:32]} 37... Qb7 {[%clk 0:02:30]} 38. a5 {[%clk 0:03:56]} 38... Rb3 {
[%clk 0:02:50]} 39. R2c3 {[%clk 0:02:56]} 39... Rb2 {[%clk 0:02:52]} 40. Rc2 {
[%clk 0:02:51]} 40... Rb3 {[%clk 0:02:32]} 41. Qd1 {[%clk 0:22:28]} 41... Rf6 {
[%clk 0:29:28]} 42. Rxc6 {[%clk 0:21:00]} 42... Rxc6 {[%clk 0:10:41]} 43. Rxc6
{[%clk 0:21:25]} 43... Rxe3 {[%clk 0:06:24]} 44. Rxg6+ {[%clk 0:19:53]} 44...
hxg6 {[%clk 0:06:18]} 45. fxe3 {[%clk 0:20:18]} 45... Qb2+ {[%clk 0:03:20]} 46.
Kf3 {[%clk 0:20:02]} 46... Qb5 {[%clk 0:01:57]} 47. Qe1 {[%clk 0:19:36]} 47...
Kf8 {[%clk 0:01:07]} 48. Kf2 {[%clk 0:18:22]} 48... Kg7 {[%clk 0:01:05]} 49.
Qc3 {[%clk 0:18:34]} 49... Qb1 {[%clk 0:01:00]} 50. h4 {[%clk 0:14:05]} 50...
a6 {[%clk 0:00:50]} 51. Ke2 {[%clk 0:13:46]} 51... Qb5+ {[%clk 0:00:52]} 52.
Kf2 {[%clk 0:12:21]} 52... Qb1 {[%clk 0:01:09]} 53. Qe1 {[%clk 0:11:40]} 53...
Qf5+ {[%clk 0:00:49]} 54. Ke2 {[%clk 0:11:11]} 54... Qc2+ {[%clk 0:00:53]} 55.
Qd2 {[%clk 0:11:28]} 55... Qc4+ {[%clk 0:01:13]} 56. Kd1 {[%clk 0:10:07]} 56...
Qb3+ {[%clk 0:01:21]} 57. Kc1 {[%clk 0:09:43]} 57... Qa3+ {[%clk 0:01:38]} 58.
Kd1 {[%clk 0:07:46]} 58... Qb3+ {[%clk 0:02:01]} 59. Ke2 {[%clk 0:08:07]} 59...
Qb5+ {[%clk 0:01:38]} 60. Kf2 {[%clk 0:08:20]} 60... Qa4 {[%clk 0:00:33]} 61.
Kf3 {[%clk 0:06:12]} 61... Qb5 {[%clk 0:00:36]} 62. e4 {[%clk 0:02:44]} 62...
Qf1+ {[%clk 0:00:47]} 63. Ke3 {[%clk 0:03:02]} 63... Qg1+ {[%clk 0:00:48]} 64.
Kf4 {[%clk 0:03:04]} 64... dxe4 {[%clk 0:00:38]} 65. Kxe4 {[%clk 0:02:44]}
65... Qxg3 {[%clk 0:00:52]} 66. Kd5 {[%clk 0:01:15]} 66... Qxh4 {[%clk 0:01:05]
} 1/2-1/2

[Event "ODJM A 2019"]
[Site "Willingen GER"]
[Date "2019.06.13"]
[Round "7"]
[White "Wübker, Paul-Luca"]
[Black "Parvanyan, Alfred"]
[Result "0-1"]
[Termination "normal"]
[Board "9"]
[WhiteElo "2035"]
[BlackElo "2066"]
[WhiteClock "00:45:33"]
[BlackClock "00:22:54"]
[PlyCount "56"]
[WhiteFideId "12939528"]
[BlackFideId "13305832"]
[EventCountry "GER"]
[EventRounds "9"]
[EventType "swiss"]
[EventDate "2019.06.08"]

1. d4 {[%clk 1:30:57]} 1... Nf6 {[%clk 1:30:46]} 2. c4 {[%clk 1:31:21]} 2... g6
{[%clk 1:31:08]} 3. Nc3 {[%clk 1:31:44]} 3... d5 {[%clk 1:31:31]} 4. cxd5 {
[%clk 1:31:59]} 4... Nxd5 {[%clk 1:31:53]} 5. e4 {[%clk 1:32:20]} 5... Nxc3 {
[%clk 1:32:13]} 6. bxc3 {[%clk 1:32:40]} 6... Bg7 {[%clk 1:32:40]} 7. Be3 {
[%clk 1:32:56]} 7... c5 {[%clk 1:33:03]} 8. Nf3 {[%clk 1:33:18]} 8... Qa5 {
[%clk 1:33:19]} 9. Qd2 {[%clk 1:33:34]} 9... Nc6 {[%clk 1:33:38]} 10. Rb1 {
[%clk 1:33:03]} 10... a6 {[%clk 1:33:45]} 11. Rc1 {[%clk 1:33:25]} 11... O-O {
[%clk 1:33:07]} 12. d5 {[%clk 1:33:24]} 12... Rd8 {[%clk 1:28:59]} 13. c4 {
[%clk 1:28:07]} 13... Nb4 {[%clk 1:22:27]} 14. a3 {[%clk 1:18:20]} 14... Qxa3 {
[%clk 1:21:53]} 15. Bxc5 {[%clk 1:18:40]} 15... Nc2+ {[%clk 1:18:07]} 16. Rxc2
{[%clk 1:15:48]} 16... Qxc5 {[%clk 1:18:27]} 17. Be2 {[%clk 1:14:21]} 17... Bd7
{[%clk 1:12:35]} 18. O-O {[%clk 1:13:41]} 18... a5 {[%clk 1:05:02]} 19. Rb1 {
[%clk 1:10:44]} 19... Ra7 {[%clk 1:04:28]} 20. Qe3 {[%clk 1:05:18]} 20... Rc8 {
[%clk 1:01:20]} 21. Ra2 {[%clk 1:01:16]} 21... a4 {[%clk 0:47:31]} 22. Qxc5 {
[%clk 0:56:57]} 22... Rxc5 {[%clk 0:47:57]} 23. Ra3 {[%clk 0:57:18]} 23... e6 {
[%clk 0:37:27]} 24. Ne1 {[%clk 0:54:47]} 24... Rc8 {[%clk 0:31:13]} 25. Nd3 {
[%clk 0:50:53]} 25... Rxc4 {[%clk 0:27:19]} 26. f3 {[%clk 0:45:01]} 26... exd5
{[%clk 0:22:52]} 27. Nb4 {[%clk 0:45:14]} 27... Rxb4 {[%clk 0:22:26]} 28. Rxb4
{[%clk 0:45:33]} 28... Bf8 {[%clk 0:22:54]} 0-1

[Event "ODJM A 2019"]
[Site "Willingen GER"]
[Date "2019.06.13"]
[Round "7"]
[White "Reimer, Philip"]
[Black "von Estorff, Jacob"]
[Result "0-1"]
[Termination "normal"]
[Board "10"]
[WhiteElo "1891"]
[BlackElo "2041"]
[WhiteClock "00:02:03"]
[BlackClock "00:10:19"]
[PlyCount "74"]
[WhiteFideId "16235860"]
[BlackFideId "12974501"]
[EventCountry "GER"]
[EventRounds "9"]
[EventType "swiss"]
[EventDate "2019.06.08"]

1. e4 {[%clk 1:30:58]} 1... c5 {[%clk 1:30:33]} 2. Nf3 {[%clk 1:31:23]} 2...
Nc6 {[%clk 1:30:58]} 3. d4 {[%clk 1:31:49]} 3... cxd4 {[%clk 1:31:24]} 4. Nxd4
{[%clk 1:32:18]} 4... g6 {[%clk 1:31:32]} 5. c4 {[%clk 1:32:46]} 5... Bg7 {
[%clk 1:31:57]} 6. Be3 {[%clk 1:33:13]} 6... Nf6 {[%clk 1:31:11]} 7. Nc3 {
[%clk 1:33:38]} 7... d6 {[%clk 1:30:25]} 8. Be2 {[%clk 1:33:18]} 8... O-O {
[%clk 1:30:41]} 9. O-O {[%clk 1:33:45]} 9... Bd7 {[%clk 1:29:20]} 10. f3 {
[%clk 1:34:10]} 10... Rc8 {[%clk 1:27:49]} 11. Qd2 {[%clk 1:31:15]} 11... Re8 {
[%clk 1:26:55]} 12. Nxc6 {[%clk 1:30:36]} 12... bxc6 {[%clk 1:24:32]} 13. Rad1
{[%clk 1:16:53]} 13... Qc7 {[%clk 1:19:42]} 14. f4 {[%clk 0:54:33]} 14... Ng4 {
[%clk 1:11:00]} 15. Kh1 {[%clk 0:50:00]} 15... Nxe3 {[%clk 1:09:12]} 16. Qxe3 {
[%clk 0:49:43]} 16... Qa5 {[%clk 1:07:39]} 17. c5 {[%clk 0:47:06]} 17... Bxc3 {
[%clk 0:57:30]} 18. bxc3 {[%clk 0:44:57]} 18... Rc7 {[%clk 0:37:53]} 19. cxd6 {
[%clk 0:41:31]} 19... exd6 {[%clk 0:38:18]} 20. Rxd6 {[%clk 0:40:52]} 20...
Qxa2 {[%clk 0:36:48]} 21. Rfd1 {[%clk 0:35:47]} 21... Be6 {[%clk 0:31:02]} 22.
R6d2 {[%clk 0:28:36]} 22... Qa5 {[%clk 0:26:57]} 23. Qg3 {[%clk 0:25:36]} 23...
Rce7 {[%clk 0:21:31]} 24. c4 {[%clk 0:15:58]} 24... Qc5 {[%clk 0:20:11]} 25.
Rd4 {[%clk 0:15:50]} 25... a5 {[%clk 0:19:42]} 26. Bf1 {[%clk 0:09:36]} 26...
f6 {[%clk 0:17:57]} 27. Qc3 {[%clk 0:04:18]} 27... Bg4 {[%clk 0:12:23]} 28. Ra1
{[%clk 0:03:38]} 28... Qb4 {[%clk 0:12:00]} 29. Qg3 {[%clk 0:03:09]} 29... Qb2
{[%clk 0:10:07]} 30. Rxa5 {[%clk 0:03:03]} 30... Qxd4 {[%clk 0:10:21]} 31. Qxg4
{[%clk 0:03:22]} 31... Rxe4 {[%clk 0:10:27]} 32. g3 {[%clk 0:01:06]} 32... Re1
{[%clk 0:09:05]} 33. Qf3 {[%clk 0:01:25]} 33... Qd2 {[%clk 0:08:55]} 34. Kg1 {
[%clk 0:00:58]} 34... Qxa5 {[%clk 0:09:16]} 35. Qxc6 {[%clk 0:01:15]} 35...
Rxf1+ {[%clk 0:09:27]} 36. Kxf1 {[%clk 0:01:37]} 36... Qe1+ {[%clk 0:09:52]}
37. Kg2 {[%clk 0:02:03]} 37... Qe4+ {[%clk 0:10:19]} 0-1

[Event "ODJM A 2019"]
[Site "Willingen GER"]
[Date "2019.06.13"]
[Round "7"]
[White "Korten, Lando"]
[Black "Leser, Katrin"]
[Result "1-0"]
[Termination "normal"]
[Board "11"]
[WhiteElo "2127"]
[BlackElo "2036"]
[WhiteClock "00:40:29"]
[BlackClock "00:25:58"]
[PlyCount "39"]
[WhiteFideId "12989606"]
[BlackFideId "12997692"]
[EventCountry "GER"]
[EventRounds "9"]
[EventType "swiss"]
[EventDate "2019.06.08"]

1. d4 {[%clk 1:30:56]} 1... Nf6 {[%clk 1:30:54]} 2. c4 {[%clk 1:31:21]} 2... e6
{[%clk 1:31:16]} 3. Nc3 {[%clk 1:31:46]} 3... d5 {[%clk 1:31:40]} 4. cxd5 {
[%clk 1:32:09]} 4... exd5 {[%clk 1:32:04]} 5. Bg5 {[%clk 1:32:33]} 5... Be7 {
[%clk 1:32:30]} 6. e3 {[%clk 1:32:57]} 6... c6 {[%clk 1:32:55]} 7. Bd3 { [%clk
1:32:34]} 7... Nbd7 {[%clk 1:33:17]} 8. Nf3 {[%clk 1:32:53]} 8... Ne4 { [%clk
1:24:39]} 9. Bf4 {[%clk 1:32:28]} 9... Ndf6 {[%clk 1:11:14]} 10. Qc2 { [%clk
1:31:34]} 10... Nd6 {[%clk 1:05:15]} 11. h3 {[%clk 1:31:09]} 11... g6 { [%clk
1:04:48]} 12. g4 {[%clk 1:25:50]} 12... Be6 {[%clk 0:54:04]} 13. O-O-O { [%clk
1:20:55]} 13... Qa5 {[%clk 0:50:04]} 14. Be5 {[%clk 1:16:28]} 14... Rg8 { [%clk
0:46:08]} 15. Ng5 {[%clk 1:13:55]} 15... O-O-O {[%clk 0:41:27]} 16. Kb1 { [%clk
1:07:40]} 16... Nd7 {[%clk 0:27:53]} 17. Bxd6 {[%clk 0:59:04]} 17... Bxg5
{[%clk 0:26:42]} 18. b4 {[%clk 0:58:41]} 18... Qa3 {[%clk 0:25:54]} 19. Nb5 {
[%clk 0:40:22]} 19... Qa6 {[%clk 0:25:58]} 20. Bg3 {[%clk 0:40:29]} 1-0

[Event "ODJM A 2019"]
[Site "Willingen GER"]
[Date "2019.06.13"]
[Round "7"]
[White "Weber, Jannis"]
[Black "Brunner, Tobias"]
[Result "1-0"]
[Termination "normal"]
[Board "12"]
[WhiteElo "1889"]
[BlackElo "2017"]
[WhiteClock "00:00:45"]
[BlackClock "00:08:50"]
[PlyCount "81"]
[WhiteFideId "12990760"]
[BlackFideId "12949833"]
[EventCountry "GER"]
[EventRounds "9"]
[EventType "swiss"]
[EventDate "2019.06.08"]

1. e4 {[%clk 1:30:58]} 1... d5 {[%clk 1:30:40]} 2. exd5 {[%clk 1:31:20]} 2...
Qxd5 {[%clk 1:31:04]} 3. Nc3 {[%clk 1:31:00]} 3... Qa5 {[%clk 1:30:44]} 4. d4 {
[%clk 1:29:35]} 4... c6 {[%clk 1:27:51]} 5. Nf3 {[%clk 1:28:50]} 5... Nf6 {
[%clk 1:27:54]} 6. Bc4 {[%clk 1:28:12]} 6... e6 {[%clk 1:24:52]} 7. Bd2 { [%clk
1:20:36]} 7... Qb6 {[%clk 1:22:04]} 8. a3 {[%clk 1:16:43]} 8... Bd6 { [%clk
1:20:47]} 9. O-O {[%clk 1:14:18]} 9... O-O {[%clk 1:20:44]} 10. Qe2 { [%clk
1:09:15]} 10... Re8 {[%clk 1:16:04]} 11. b4 {[%clk 1:02:12]} 11... a6 { [%clk
1:14:41]} 12. Ne4 {[%clk 0:56:57]} 12... Be7 {[%clk 1:09:38]} 13. c3 { [%clk
0:49:15]} 13... Nbd7 {[%clk 1:08:22]} 14. Neg5 {[%clk 0:36:45]} 14... Nd5
{[%clk 0:52:12]} 15. Rfe1 {[%clk 0:32:30]} 15... Nf8 {[%clk 0:45:36]} 16. Bd3 {
[%clk 0:30:20]} 16... Qc7 {[%clk 0:37:57]} 17. g3 {[%clk 0:21:06]} 17... Bf6 {
[%clk 0:33:41]} 18. c4 {[%clk 0:15:29]} 18... Ne7 {[%clk 0:32:30]} 19. Bc3 {
[%clk 0:15:04]} 19... Neg6 {[%clk 0:31:37]} 20. h4 {[%clk 0:14:25]} 20... Qe7 {
[%clk 0:28:43]} 21. Ne4 {[%clk 0:13:39]} 21... Nd7 {[%clk 0:26:10]} 22. Nxf6+ {
[%clk 0:12:46]} 22... Nxf6 {[%clk 0:26:02]} 23. Ne5 {[%clk 0:12:51]} 23... Nf8
{[%clk 0:25:08]} 24. g4 {[%clk 0:09:42]} 24... N6d7 {[%clk 0:23:26]} 25. Nf3 {
[%clk 0:09:17]} 25... Ng6 {[%clk 0:22:56]} 26. Bxg6 {[%clk 0:06:08]} 26... hxg6
{[%clk 0:23:14]} 27. d5 {[%clk 0:05:56]} 27... Nf6 {[%clk 0:22:23]} 28. Qe5 {
[%clk 0:05:14]} 28... cxd5 {[%clk 0:20:30]} 29. cxd5 {[%clk 0:05:35]} 29... Qf8
{[%clk 0:19:42]} 30. d6 {[%clk 0:03:07]} 30... Bd7 {[%clk 0:19:26]} 31. g5 {
[%clk 0:03:12]} 31... Nd5 {[%clk 0:19:40]} 32. Bb2 {[%clk 0:03:17]} 32... Rac8
{[%clk 0:18:44]} 33. Rac1 {[%clk 0:03:41]} 33... Nb6 {[%clk 0:17:42]} 34. Qd4 {
[%clk 0:03:15]} 34... Nd5 {[%clk 0:17:24]} 35. Ne5 {[%clk 0:03:03]} 35... Rcd8
{[%clk 0:14:20]} 36. Rc7 {[%clk 0:02:13]} 36... f6 {[%clk 0:11:26]} 37. Nxd7 {
[%clk 0:01:48]} 37... Qxd6 {[%clk 0:11:40]} 38. gxf6 {[%clk 0:01:56]} 38... e5
{[%clk 0:09:15]} 39. f7+ {[%clk 0:01:24]} 39... Kh7 {[%clk 0:08:50]} 40. fxe8=Q
{[%clk 0:01:25]} 40... Rxe8 41. Rxe5 {[%clk 0:00:45]} 1-0

[Event "ODJM A 2019"]
[Site "Willingen GER"]
[Date "2019.06.13"]
[Round "7"]
[White "Behringer, Tom"]
[Black "Bargsten, Justus"]
[Result "0-1"]
[Termination "normal"]
[Board "14"]
[WhiteElo "1766"]
[BlackElo "1980"]
[WhiteClock "00:54:31"]
[BlackClock "01:03:29"]
[PlyCount "32"]
[WhiteFideId "16203496"]
[BlackFideId "12974188"]
[EventCountry "GER"]
[EventRounds "9"]
[EventType "swiss"]
[EventDate "2019.06.08"]

1. e4 {[%clk 1:30:57]} 1... c5 {[%clk 1:30:51]} 2. d3 {[%clk 1:29:45]} 2... g6
{[%clk 1:28:41]} 3. f4 {[%clk 1:29:55]} 3... Bg7 {[%clk 1:28:48]} 4. Nf3 {
[%clk 1:29:48]} 4... e6 {[%clk 1:29:12]} 5. Be2 {[%clk 1:27:41]} 5... Ne7 {
[%clk 1:29:24]} 6. c3 {[%clk 1:23:46]} 6... Nbc6 {[%clk 1:24:45]} 7. O-O {
[%clk 1:22:23]} 7... d5 {[%clk 1:21:41]} 8. e5 {[%clk 1:22:14]} 8... f6 { [%clk
1:21:17]} 9. d4 {[%clk 1:13:56]} 9... Qb6 {[%clk 1:21:40]} 10. Kh1 { [%clk
1:03:12]} 10... cxd4 {[%clk 1:21:29]} 11. cxd4 {[%clk 1:03:33]} 11... Nf5
{[%clk 1:21:51]} 12. g4 {[%clk 1:03:06]} 12... Nfxd4 {[%clk 1:04:03]} 13. Be3 {
[%clk 1:03:03]} 13... Qxb2 {[%clk 1:04:26]} 14. Nxd4 {[%clk 1:03:06]} 14...
Qxa1 {[%clk 1:04:22]} 15. Nxc6 {[%clk 1:02:23]} 15... bxc6 {[%clk 1:03:29]} 16.
Qc2 {[%clk 0:54:31]} 16... Rb8 0-1

[Event "ODJM A 2019"]
[Site "Willingen GER"]
[Date "2019.06.13"]
[Round "7"]
[White "Reinecke, Katharina"]
[Black "Beesk, Kevin"]
[Result "0-1"]
[Termination "normal"]
[Board "15"]
[WhiteElo "1846"]
[BlackElo "1935"]
[WhiteClock "00:00:36"]
[BlackClock "00:36:40"]
[PlyCount "50"]
[WhiteFideId "12929727"]
[BlackFideId "1271882"]
[EventCountry "GER"]
[EventRounds "9"]
[EventType "swiss"]
[EventDate "2019.06.08"]

1. d4 {[%clk 1:30:58]} 1... Nf6 {[%clk 1:30:56]} 2. c4 {[%clk 1:31:23]} 2... c5
{[%clk 1:31:23]} 3. Nf3 {[%clk 1:31:49]} 3... cxd4 {[%clk 1:31:50]} 4. Nxd4 {
[%clk 1:32:13]} 4... b6 {[%clk 1:32:18]} 5. Nc3 {[%clk 1:24:57]} 5... Bb7 {
[%clk 1:29:55]} 6. Qc2 {[%clk 1:21:00]} 6... e6 {[%clk 1:23:30]} 7. e4 { [%clk
1:13:50]} 7... d6 {[%clk 1:23:25]} 8. Be2 {[%clk 1:09:17]} 8... a6 { [%clk
1:23:21]} 9. O-O {[%clk 1:08:36]} 9... Nbd7 {[%clk 1:23:41]} 10. f4 { [%clk
1:03:50]} 10... Rc8 {[%clk 1:22:00]} 11. b3 {[%clk 1:02:12]} 11... Qc7 { [%clk
1:20:18]} 12. Bb2 {[%clk 0:58:08]} 12... b5 {[%clk 1:06:27]} 13. Kh1 { [%clk
0:26:57]} 13... b4 {[%clk 1:04:53]} 14. Nd1 {[%clk 0:26:15]} 14... Bxe4 { [%clk
1:00:53]} 15. Qd2 {[%clk 0:25:27]} 15... Qb7 {[%clk 0:58:47]} 16. Ne3 { [%clk
0:24:51]} 16... h5 {[%clk 0:54:38]} 17. Nf3 {[%clk 0:16:57]} 17... h4 { [%clk
0:52:45]} 18. f5 {[%clk 0:10:39]} 18... h3 {[%clk 0:47:57]} 19. fxe6 { [%clk
0:09:59]} 19... hxg2+ {[%clk 0:47:35]} 20. Nxg2 {[%clk 0:09:20]} 20... fxe6
{[%clk 0:47:54]} 21. Qf4 {[%clk 0:03:51]} 21... Rc5 {[%clk 0:45:29]} 22. Rae1
{[%clk 0:02:47]} 22... Rch5 {[%clk 0:43:30]} 23. Bd1 {[%clk 0:01:00]} 23... e5
{[%clk 0:41:34]} 24. Rxe4 {[%clk 0:00:34]} 24... Qxe4 {[%clk 0:40:19]} 25. Qd2
{[%clk 0:00:36]} 25... Qh7 {[%clk 0:36:40]} 0-1

[Event "ODJM A 2019"]
[Site "Willingen GER"]
[Date "2019.06.13"]
[Round "7"]
[White "Mainka, Alwin"]
[Black "Hofmann, Lorenz"]
[Result "1/2-1/2"]
[Termination "normal"]
[Board "16"]
[WhiteElo "1833"]
[BlackElo "2002"]
[WhiteClock "00:27:01"]
[BlackClock "00:14:24"]
[PlyCount "50"]
[WhiteFideId "16241177"]
[BlackFideId "12995509"]
[EventCountry "GER"]
[EventRounds "9"]
[EventType "swiss"]
[EventDate "2019.06.08"]

1. e4 {[%clk 1:30:56]} 1... e5 {[%clk 1:30:57]} 2. Nf3 {[%clk 1:31:19]} 2...
Nc6 {[%clk 1:31:25]} 3. Bb5 {[%clk 1:31:42]} 3... a6 {[%clk 1:31:53]} 4. Ba4 {
[%clk 1:32:05]} 4... b5 {[%clk 1:32:19]} 5. Bb3 {[%clk 1:32:25]} 5... d6 {
[%clk 1:32:46]} 6. O-O {[%clk 1:32:45]} 6... Bg4 {[%clk 1:32:25]} 7. c3 { [%clk
1:32:44]} 7... Nf6 {[%clk 1:16:11]} 8. Re1 {[%clk 1:27:37]} 8... Be7 { [%clk
1:13:15]} 9. h3 {[%clk 1:25:24]} 9... Bh5 {[%clk 1:12:34]} 10. d3 { [%clk
1:25:21]} 10... O-O {[%clk 1:10:10]} 11. Nbd2 {[%clk 1:24:01]} 11... Qd7 {[%clk
1:05:12]} 12. Nf1 {[%clk 1:14:36]} 12... Kh8 {[%clk 1:02:08]} 13. Ng3 { [%clk
1:11:12]} 13... Bg6 {[%clk 1:02:06]} 14. d4 {[%clk 1:09:13]} 14... exd4 { [%clk
0:53:17]} 15. cxd4 {[%clk 1:09:33]} 15... Rad8 {[%clk 0:40:55]} 16. d5 { [%clk
0:59:04]} 16... Nb8 {[%clk 0:31:03]} 17. Nd4 {[%clk 0:52:25]} 17... Ng8 { [%clk
0:28:55]} 18. Be3 {[%clk 0:43:21]} 18... Bf6 {[%clk 0:25:11]} 19. Rc1 { [%clk
0:43:25]} 19... Ne7 {[%clk 0:24:30]} 20. Qc2 {[%clk 0:36:27]} 20... Bxd4 {[%clk
0:23:35]} 21. Bxd4 {[%clk 0:36:41]} 21... c5 {[%clk 0:23:58]} 22. dxc6 { [%clk
0:35:45]} 22... Nbxc6 {[%clk 0:24:09]} 23. Qc3 {[%clk 0:34:20]} 23... Nxd4
{[%clk 0:23:48]} 24. Qxd4 {[%clk 0:34:39]} 24... Rc8 {[%clk 0:16:20]} 25. Rxc8
{[%clk 0:27:01]} 25... Rxc8 {[%clk 0:14:24]} 1/2-1/2

[Event "ODJM A 2019"]
[Site "Willingen GER"]
[Date "2019.06.13"]
[Round "7"]
[White "Ronge, Tim"]
[Black "Kracht, Raphael"]
[Result "1-0"]
[Termination "normal"]
[Board "17"]
[WhiteElo "2143"]
[BlackElo "1976"]
[PlyCount "53"]
[WhiteFideId "12955418"]
[BlackFideId "16214382"]
[EventCountry "GER"]
[EventRounds "9"]
[EventType "swiss"]
[EventDate "2019.06.08"]

1. d4 Nf6 2. c4 e6 3. Nc3 Bb4 4. e3 b6 5. Nge2 c5 6. a3 Ba5 7. Rb1 Qe7 8. Bd2
d5 9. b4 cxb4 10. axb4 Bxb4 11. Qa4+ Bd7 12. Qxb4 Qxb4 13. Rxb4 Nc6 14. Rb1
dxc4 15. Nb5 O-O 16. Nd6 e5 17. Nxc4 Bf5 18. Rc1 exd4 19. Nxd4 Nxd4 20. exd4
Rad8 21. Be3 Rfe8 22. Be2 Nd5 23. O-O b5 24. Ne5 b4 25. Bc4 Be6 26. Nc6 Rc8 27.
Bxd5 1-0

[Event "ODJM A 2019"]
[Site "Willingen GER"]
[Date "2019.06.13"]
[Round "7"]
[White "Schimnatkowski, Lukas"]
[Black "Schlick, Stefan"]
[Result "1-0"]
[Termination "normal"]
[Board "18"]
[WhiteElo "2128"]
[BlackElo "2017"]
[PlyCount "57"]
[WhiteFideId "12936723"]
[BlackFideId "16211332"]
[EventCountry "GER"]
[EventRounds "9"]
[EventType "swiss"]
[EventDate "2019.06.08"]

1. e4 e5 2. Nf3 Nc6 3. Bc4 Bc5 4. d3 Nf6 5. O-O O-O 6. h3 Re8 7. a4 d5 8. exd5
Nxd5 9. Nbd2 Bf8 10. Re1 a6 11. Ne4 h6 12. Bd2 Be6 13. a5 Nf6 14. Nxf6+ Qxf6
15. Ra4 Bd7 16. Bc3 Nd4 17. Nxe5 Rxe5 18. Rxe5 Qxe5 19. Bxd4 Qd6 20. Qh5 Bxa4
21. Qxf7+ Kh7 22. Qg8+ Kg6 23. Qf7+ Kh7 24. Qg8+ Kg6 25. Bf7+ Kg5 26. Bxg7 Bxg7
27. Qxg7+ Kf5 28. Bg6+ Kg5 29. Be4+ 1-0

[Event "ODJM A 2019"]
[Site "Willingen GER"]
[Date "2019.06.13"]
[Round "7"]
[White "Tscheuschner, Georg"]
[Black "Nasoyan, Maksim"]
[Result "1-0"]
[Termination "normal"]
[Board "19"]
[WhiteElo "2113"]
[BlackElo "1878"]
[PlyCount "83"]
[WhiteFideId "12935549"]
[BlackFideId "16220331"]
[EventCountry "GER"]
[EventRounds "9"]
[EventType "swiss"]
[EventDate "2019.06.08"]

1. c4 e6 2. Nc3 d5 3. d4 c6 4. e3 dxc4 5. a4 Bb4 6. Bxc4 Nf6 7. Nge2 b6 8. O-O
O-O 9. e4 Nfd7 10. Bf4 Ba6 11. Qb3 Bxc4 12. Qxc4 Bxc3 13. Nxc3 Qe7 14. d5 cxd5
15. exd5 e5 16. Be3 Nf6 17. Nb5 a6 18. Nc7 Rc8 19. Bxb6 Ra7 20. Bxa7 Rxc7 21.
d6 Rxc4 22. dxe7 Nc6 23. Rac1 Rxc1 24. Rxc1 Nxe7 25. Bc5 Nf5 26. Bd4 Kf8 27.
Bxe5 Nd5 28. Rc6 Ke7 29. Rxa6 Nb4 30. Rb6 Nd5 31. Rb5 Ke6 32. Bc3 Nd6 33. Rb8
g6 34. f3 Kd7 35. Kf2 Nc4 36. g4 Nf4 37. Rb7+ Ke6 38. a5 Nd3+ 39. Kg3 f5 40.
gxf5+ gxf5 41. Rxh7 f4+ 42. Kg4 1-0